[Event "SVK ECo-C Extraliga 2021-22"]
[Site "Slovakia"]
[Date "2022.03.13"]
[Round "6.5"]
[White "Borhy, Marcell"]
[Black "Urhegyi, Marton"]
[Result "1-0"]
[WhiteElo "2381"]
[BlackElo "2253"]
[Annotator "TA"]
[PlyCount "87"]
[EventDate "2021.10.21"]
[EventType "team-tourn"]
[EventCountry "SVK"]
[SourceTitle "playchess.com"]
[Source "ChessBase"]
[SourceQuality "1"]

{[%evp 9,87,21,35,10,16,9,18,18,26,17,16,14,20,20,16,8,12,14,24,14,35,3,9,0,0,0,0,0,82,76,64,82,63,22,25,25,20,16,20,0,39,34,33,35,45,17,73,73,73,53,73,66,48,59,89,83,98,93,164,158,196,189,528,520,511,497,1315,1229,1136,924,1102,813,29957,6051,29970,29969,29968,5385,1753,1517]} 1. d4 d5 2. c4 c6 3. Nf3 Nf6 4. Nc3 a6 5. e3 Bf5 6. Bd2 {D15: Slav Defence: 4 Nc3 a6 and gambit lines after 4 Nc3 dxc4.} e6 7. Qb3 Ra7 8. Nh4 {The position is equal.} Be4 9. cxd5 cxd5 10. f3 Bg6 11. Nxg6 hxg6 12. O-O-O b5 13. Kb1 Nbd7 14. g4 {[%cal Bg2g4,Bg4g5][%mdl 32]} Be7 {[#]} 15. g5 $146 ({Predecessor:} 15. h4 Nb6 16. h5 gxh5 17. e4 Nc4 18. g5 Nxd2+ 19. Rxd2 Nh7 20. g6 fxg6 21. exd5 {1-0 (55) Bernal Varela,N (2402)-Relyea,A (2289) ICCF email 2021}) 15... Nh5 16. e4 Ng3 $1 17. hxg3 Rxh1 18. exd5 b4 ({Resist} 18... Bxg5 19. f4 Be7 20. dxe6 fxe6 21. Qxe6 $14) (18... Kf8 $1 $11) 19. Ne4 $1 $16 exd5 20. Qxd5 {Hoping for Nd6+.} Kf8 21. Rc1 {White is much more active. Black has bad knights.} (21. Nf2 $1 $14 {feels stronger.} Rh2 22. Bc4) 21... a5 22. Bc4 {[%csl Gc4,LRf7,LRh1][%cal Rd5f7]} Rxc1+ 23. Bxc1 {[%csl Gc4][%cal Rd5f7] The board is on fire. A strong pair of Bishops.} Qe8 24. Bb5 Nb6 25. Bxe8 {[%csl Ge8][%cal Rd5f7]} ({Much weaker is} 25. Qe5 Qa8 $11) 25... Nxd5 26. Bc6 Nb6 27. Bf4 {[%mdl 1024] White has compensation.} Nd7 (27... Nc8 $1 $11 {keeps the balance.}) 28. d5 f6 29. Be3 Rc7 30. Ba4 {Strongly threatening d6.} Nc5 31. Bxc5 Bxc5 32. d6 Bxd6 33. Nxd6 {[%mdl 4096] Endgame} Re7 (33... Ke7 $16 {was worth a try.} 34. Ne4 Rc8) 34. Nc4 $18 Re1+ 35. Kc2 {aiming for Kb3.} f5 $2 (35... Rg1 {is tougher.} 36. gxf6 (36. Nxa5 Rxg3 37. gxf6 gxf6 $16) 36... Rxg3) 36. Bc6 Rg1 37. Kb3 Rxg3 (37... Ke7 $142 38. Nxa5 Kd6 39. Kxb4 Rxg3) 38. Nxa5 Rxg5 39. Kxb4 f4 40. Nc4 {And now a4 would win.} Rf5 41. a4 {[%cal Ba2a4,Ba4a5][%mdl 32]} g5 42. a5 g4 43. fxg4 (43. a6 $142 Rf7 44. fxg4 f3 {[#]} 45. Bxf3 $1 {[%mdl 512]} g6 46. Bb7 Kg7 47. Ka5 Rc7 48. a7 $1) 43... Rf6 44. Bf3 {Weighted Error Value: White=0.08 (flawless) /Black=0.61} 1-0

[Event "SVK ECo-C Extraliga 2021-22"]
[Site "Slovakia"]
[Date "2022.03.13"]
[Round "6.5"]
[White "Zetocha, Claudiu"]
[Black "Gazik, Igor"]
[Result "0-1"]
[WhiteElo "2287"]
[BlackElo "2220"]
[Annotator "TA"]
[PlyCount "48"]
[EventDate "2021.10.21"]
[EventType "team-tourn"]
[EventCountry "SVK"]
[SourceTitle "playchess.com"]
[Source "ChessBase"]
[SourceQuality "1"]

{[%evp 9,48,0,45,35,52,38,43,33,39,12,50,1,1,0,0,0,64,56,70,62,94,10,22,0,12,-16,16,43,37,0,-7,-29,91,-1,62,34,54,-125,-111,-797,-821]} 1. d4 {[%cal Bd2d4,Bd4d5][%mdl 32]} Nf6 2. c4 g6 3. Nc3 Bg7 4. Nf3 O-O 5. Bg5 c5 (5... h6 $1 $11 6. Bxf6 Bxf6) 6. d5 $1 $14 {E61: King's Indian: Early deviations for White, including Smyslov System.} ({Reject} 6. dxc5 Na6 $11) 6... Qa5 7. Bd2 d6 8. e4 {White is slightly better.} e6 9. Bd3 Qb6 {[#]} 10. b3 $146 (10. O-O $14) ({Predecessor:} 10. Qc2 exd5 11. exd5 Bg4 12. O-O Bxf3 13. gxf3 Nbd7 14. f4 Qd8 15. f5 Ne5 16. Be4 Nxe4 17. Qxe4 {1-0 (42) Guillard,L (1699)-Jouneau,Q (1799) France 2005}) 10... exd5 $1 $11 11. cxd5 Re8 12. O-O Na6 ({Black should try} 12... Bg4 $11) 13. Rc1 $14 Nb4 14. Bb1 Qa6 {[#]} 15. Ne1 {Inhibits Nd3.} ({Better is} 15. Bg5 $1 $16) 15... Bd7 (15... Ng4 $5 {[%cal Rg4h2]} 16. Bf4 Bd7 $11) 16. f3 Rac8 17. Be3 Nh5 18. g4 Nf6 19. Qd2 (19. Ng2 $14) 19... c4 $11 {[%cal Bc5c4,Bc4b3][%mdl 32]} 20. Bd4 h5 (20... cxb3 $11 21. axb3 Qa3) 21. h3 ({White should play} 21. g5 $16 Nh7 22. Bxg7 Kxg7 23. f4) 21... Nh7 (21... cxb3 $11 22. axb3 Qa3) 22. Kg2 {aiming for Bxg7.} Be5 23. gxh5 $2 (23. Bxe5 $14 dxe5 24. bxc4) 23... cxb3 $17 {Black is more active.} ({Much less strong is} 23... gxh5 24. Rg1 $16) 24. hxg6 $2 {[%mdl 8192] [#]} (24. Rf2 $17) 24... Bxh3+ $1 {[%mdl 576] Deflection, Decoy.  Weighted Error Value: White=0.69/Black=0.28 (precise)} 0-1

[Event "SVK ECo-C Extraliga 2021-22"]
[Site "Slovakia"]
[Date "2022.03.13"]
[Round "6.5"]
[White "Karas, Marek"]
[Black "Jurcik, Martin"]
[Result "0-1"]
[WhiteElo "2284"]
[BlackElo "2391"]
[Annotator "TA"]
[PlyCount "94"]
[EventDate "2021.10.21"]
[EventType "team-tourn"]
[EventCountry "SVK"]
[SourceTitle "playchess.com"]
[Source "ChessBase"]
[SourceQuality "1"]

{[%evp 15,94,3,2,0,21,14,36,33,16,28,27,-26,-21,-17,-26,-22,-23,-33,-22,-34,-23,-28,-31,-52,-10,-91,-73,-69,-61,-80,-81,-76,-72,-94,-79,-114,-86,-103,-73,-59,-56,-71,-56,-75,-85,-78,-75,-60,-60,-45,-19,-19,-19,-19,-19,-106,0,-95,-91,-484,-270,-267,-237,-170,-10,-11,0,-263,0,0,0,0,0,0,0,-5142,-5085,-1222,-976,-935,-524]} 1. d4 Nf6 2. Nf3 e6 3. c4 Bb4+ 4. Nc3 b6 5. e3 Bb7 6. Bd2 O-O 7. Bd3 d5 8. cxd5 {8.cxd5 is better than 8.0-0.} exd5 9. Ne5 {E52: Nimzo-Indian: Rubinstein: 4...0-0 5 Nf3 d5 6 Bd3 b6.} a6 10. O-O Bd6 11. f4 {White is slightly better.} c5 12. Qf3 Nc6 13. Be1 (13. Qh3 $142 h6 14. Ne2) 13... cxd4 $11 14. Nxc6 Bxc6 15. exd4 {[#]} Be7 $146 {[%cal Of6e4]} ({Predecessor:} 15... Re8 16. Bh4 Be7 17. Rfd1 Ne4 18. Bxe7 Qxe7 19. Bxe4 dxe4 20. Qe3 Bb5 21. Nxb5 axb5 22. d5 Qd6 {½-½ (22) Donner,J-Bobotsov,M Leipzig 1960}) 16. Bf2 b5 17. a3 Qd7 18. Rfe1 {[%cal Og2g4]} Rfe8 19. h3 a5 (19... Bf8 $15) 20. g4 (20. Bh4 $1 $11) 20... b4 $17 21. axb4 axb4 22. Ne2 Rxa1 23. Rxa1 Ne4 24. Ng3 {[%cal Rg3e4]} Bh4 {[%cal Oh7h5]} 25. Kg2 g6 26. Be1 Bxg3 {Black is more active.} 27. Bxg3 Nxg3 28. Qxg3 Bb5 29. Bxb5 Qxb5 $15 {[%mdl 4096] Endgame KQR-KQR} 30. Re1 Re2+ 31. Rxe2 Qxe2+ $17 {KQ-KQ} 32. Qf2 Qd3 33. f5 $1 g5 {And now ...Kg7 would win.} 34. f6 Qe4+ 35. Kh2 {[#]} (35. Kf1 $1 $11 {remains equal.}) 35... h6 (35... b3 $1 $17 36. Kg3 h6) 36. Kg3 (36. b3 $11) 36... b3 {aiming for ...Qd3+.} 37. h4 $2 {[%mdl 8192]} (37. Qd2 $17 {nothing else works.}) 37... h5 (37... Qd3+ $142 38. Kg2 gxh4) 38. gxh5 $19 Qxh4+ 39. Kg2 {White wants to mate with Qxh4.} Qxh5 ({Black should play} 39... Qg4+ $19 40. Qg3 Qe2+ 41. Qf2 Qg4+ 42. Qg3 Qe2+ 43. Qf2 Qg4+) 40. Qf5 $1 $11 Qe2+ 41. Kg3 $2 {[%mdl 8192] [#]} (41. Kh3 $1 $11) 41... Qe3+ $2 (41... Qxb2 42. Qxg5+ Kf8 43. Qg7+ Ke8 44. Qg8+ Kd7 45. Qxf7+ Kc8 46. Qe6+ Kc7 47. Qe7+ Kb6 48. Qb4+ Ka7 49. Qa5+ Kb7 50. Qxd5+ Kb8 51. Qb5+ Ka8 52. Qc6+ (52. Qb4 Qc2 $16) 52... Ka7 53. Qc5+ Ka6 54. Qc6+ Ka7 55. Qc7+ Ka8 56. Qc6+ Ka7) (41... Qe1+ $1 $19 42. Kg4 Qh4+ 43. Kf3 Kh8) 42. Kg4 $1 Qxd4+ 43. Kxg5 Qe3+ 44. Kh5 {Qg4+ would kill now.} Qe4 45. Qc8+ {[%mdl 8192]} (45. Kg5 $11) 45... Kh7 $19 {Hoping for ...Qf3+. Black is clearly winning.} 46. Qd8 Qf5+ 47. Kh4 Kg6 {Weighted Error Value: White=0.56/Black=0.38} 0-1

[Event "SVK ECo-C Extraliga 2021-22"]
[Site "Slovakia"]
[Date "2022.03.13"]
[Round "6.5"]
[White "Hros, Roman"]
[Black "Tropp, Lukas"]
[Result "1/2-1/2"]
[WhiteElo "2250"]
[BlackElo "2148"]
[Annotator "TA"]
[PlyCount "76"]
[EventDate "2021.10.21"]
[EventType "team-tourn"]
[EventCountry "SVK"]
[SourceTitle "playchess.com"]
[Source "ChessBase"]
[SourceQuality "1"]

{[%evp 23,76,8,18,13,11,0,66,44,56,48,47,50,50,45,39,8,30,18,27,23,14,29,37,11,23,7,33,34,34,40,24,16,22,13,48,43,41,45,47,58,50,56,85,37,58,12,8,0,13,13,13,0,0,0,0]} 1. e4 e5 2. Nf3 Nc6 3. Bc4 Nf6 4. d3 Be7 5. O-O O-O 6. h3 d6 7. c3 Na5 8. Bb5 {[%cal Bc4b5,Bb5a4,Ba4c2,Bc2b1][%mdl 32]} a6 9. Ba4 b5 10. Bc2 c5 11. Nbd2 Qc7 12. Re1 Nc6 13. d4 {C96: Closed Ruy Lopez: Chigorin Defence: 11 d4, replies other than 11...Qc7.} cxd4 14. cxd4 {[#]} Nb4 $146 (14... Bb7 $11) ({Predecessor:} 14... Bb7 15. a3 Rac8 16. Bd3 exd4 17. Nb3 Ne5 18. Nfxd4 Nxd3 19. Qxd3 Rfe8 20. Bf4 Bf8 21. f3 Nd7 {½-½ (57) Saptarshi,R (2480)-Dahale,A (2097) Udaipur 2019}) 15. Bb1 $14 {White is slightly better.} a5 16. Nf1 Bd7 17. a3 Nc6 18. Be3 a4 19. N1d2 Rfc8 20. Qe2 Qb7 21. Bd3 Rab8 22. Rac1 h6 23. Nb1 (23. b4 {seems wilder.} axb3 24. Nxb3 Qa8 25. d5 Na5 26. Nxa5 Rxc1 27. Rxc1 Qxa5 28. Qb2) 23... exd4 24. Nxd4 Ne5 25. Rxc8+ Rxc8 26. Bxb5 Bxb5 (26... Nxe4 $2 27. Ba6 Qa8 28. Bxc8 Bxc8 29. Bf4 $18) 27. Qxb5 Qxb5 ({But not} 27... Qxe4 28. Nc3 Qa8 29. Qxa4 $16 (29. Nxa4 Bd8 $16)) 28. Nxb5 Nxe4 29. N1c3 Nxc3 30. Nxc3 Nd3 31. Re2 Bf6 32. Nxa4 {Hoping for Nb6.} Ra8 {[#]} 33. Nb6 (33. b3 $1 $16) 33... Ra6 $1 34. Rd2 (34. b4 $14) 34... Nxb2 $11 {The position is equal.} 35. Nd5 Nc4 36. Nxf6+ gxf6 37. Rd4 Nxe3 38. fxe3 Rxa3 {Weighted Error Value: White=0.09 (flawless) /Black=0.13 (very precise)} 1/2-1/2

[Event "SVK ECo-C Extraliga 2021-22"]
[Site "Slovakia"]
[Date "2022.03.13"]
[Round "6.6"]
[White "Vojtek, Vladimir"]
[Black "Pacher, Milan"]
[Result "1-0"]
[WhiteElo "2288"]
[BlackElo "2387"]
[Annotator "TA"]
[PlyCount "77"]
[EventDate "2021.10.21"]
[EventType "team-tourn"]
[EventCountry "SVK"]
[SourceTitle "playchess.com"]
[Source "ChessBase"]
[SourceQuality "1"]

{[%evp 13,77,-17,-16,-20,0,0,9,0,0,0,0,-21,-10,-18,-8,-3,-6,-27,-22,-53,-41,-60,-41,-110,-79,-198,-197,-269,-283,-334,-343,-354,-347,-633,-634,-759,-727,-1097,-1089,-29988,-1577,-29989,-1642,-1535,-1495,-1644,-1619,-1610,-1583,-1363,-841,-1658,-262,-256,-167,-160,-171,-179,-170,-168,-171,-171,-164,-373,6170,2263]} 1. e4 e5 2. Nf3 Nc6 3. Bb5 a6 4. Ba4 Nf6 5. Qe2 b5 6. Bb3 Bc5 7. c3 d6 8. a4 {C77: Ruy Lopez: 3...a6 4 Ba4 Nf6, unusual lines.} Rb8 9. axb5 axb5 (9... Rxb5 $2 10. Ba4 $18) 10. O-O {The position is equal.} O-O 11. d3 h6 12. Nbd2 Bb6 {[#]} 13. Rd1 $146 ({Predecessor:} 13. h3 Nh5 14. Rd1 Nf4 15. Qf1 Qf6 16. Nh2 h5 17. Ndf3 g5 18. Bxf4 gxf4 19. h4 {0-1 (34) Ortiz,J (1809)-Rodriguez Vila,A (2486) Montevideo 2019}) 13... Ng4 14. Rf1 Ne7 15. h3 Nf6 16. Rd1 Ng6 17. Nf1 Nh5 18. N3h2 (18. N1h2 $15) 18... Qh4 19. Qf3 (19. d4 $17) 19... Be6 $19 20. Bc2 (20. Bd5 $142) 20... f5 $1 {...fxe4 is the strong threat.} 21. Be3 fxe4 22. Qxe4 Ngf4 {[%cal Bg6f4,Bf4e2,Be2g3][%mdl 32]} 23. d4 $2 (23. Nf3 Nxh3+ 24. gxh3 Qxe4 25. dxe4 Rxf3 26. Bxb6 Rxb6 27. h4) 23... Nf6 $1 24. Qc6 Bd5 25. Qxb5 {[#]} Bxd4 $1 {[%mdl 512]} 26. Qa5 (26. Qxd5+ N6xd5) 26... Ne2+ 27. Kh1 {[#]} Bxe3 (27... Bxg2+ $142 $1 {[%mdl 512]} 28. Kxg2 Bxe3 29. Ng3 Qxh3+ $3 {[%mdl 512]} 30. Kf3 Nxg3 31. Kxe3 Qxh2 32. b4 Ng4+ 33. Kd3 Qxf2 34. Qa2+ Kh8 35. Ba4 Qe3+ 36. Kc2 Rf2+ 37. Kb3 Ne4 38. Rac1 Nc5+ 39. Ka3 Rxa2+ 40. Kxa2 Nxa4 41. Kb3 Qe2 $1 42. Rd2 Qxd2 43. Rc2 Qd1 44. c4 Qb1+ 45. Ka3 Rxb4 46. Rg2 Qb3#) 28. Nxe3 {[#]} Qxf2 $1 {[%cal Re2g3]} 29. Nhg4 Ng3+ 30. Kh2 Nxg4+ 31. hxg4 Bb7 {( -> ...Ne2)} 32. Qxc7 Qxe3 $2 (32... Ne2 {[%cal Rf2h4]} 33. Qc4+ Kh8 34. Qxe2 Qxe2) 33. Rd3 Qe2 {[%csl Gb7][%cal Re2g2]} 34. Bb3+ Kh8 {[%csl Gb7][%cal Re2g2]} 35. Rxg3 Qxb2 36. g5 {[%cal Og5h6] White wants to mate with gxh6!} h5 (36... Qxa1 {gets mated.} 37. gxh6) ({Don't do} 36... Rfc8 37. Qxd6 Bxg2 {[#]} 38. Rxg2 $1 $16) 37. Rf1 {[%cal Oc7d6]} Qxb3 38. Qxd6 $2 (38. c4 {was the only defense.} Qb4 39. Rf7 Bxg2 40. Rxg2) 38... Qd5 $4 {[%mdl 8192]} 39. Rxf8+ {Never resign too early!  Weighted Error Value: White=0.98/Black=0.57} 1-0

[Event "SVK ECo-C Extraliga 2021-22"]
[Site "Slovakia"]
[Date "2022.03.13"]
[Round "6.6"]
[White "Halak, Miklos"]
[Black "Varga, Zoltan"]
[Result "0-1"]
[WhiteElo "2251"]
[BlackElo "2390"]
[Annotator "RC"]
[PlyCount "106"]
[EventDate "2021.10.21"]
[EventType "team-tourn"]
[EventCountry "SVK"]
[SourceTitle "playchess.com"]
[Source "ChessBase"]
[SourceQuality "1"]
[TimeControl "40/5400+30:1800+30"]

1. e4 {[%emt 0:00:17]} Nf6 {[%emt 0:00:41]} 2. Nc3 {[%emt 0:00:24]} d5 {[%emt 0:00:14]} 3. e5 {[%emt 0:00:12]} Nfd7 {[%emt 0:00:05]} 4. d4 {[%emt 0:00:06]} c5 {[%emt 0:00:11]} 5. f4 {[%emt 0:00:18]} cxd4 {[%emt 0:00:14]} 6. Nb5 {[%emt 0:00:09]} Nc6 {[%emt 0:00:55]} 7. Nf3 {[%emt 0:00:33]} Qa5+ {[%emt 0:00:38]} 8. Qd2 {[%emt 0:07:46]} Qb6 {[%emt 0:00:32]} 9. Nbxd4 {[%emt 0:01:31]} Nc5 {[%emt 0:03:00]} 10. c3 {[%emt 0:08:32]} Bg4 {[%emt 0:01:06]} 11. Nxc6 {[%emt 0:03:31]} bxc6 {[%emt 0:06:35]} 12. Qf2 {[%emt 0:04:11]} Ne4 {[%emt 0:01:23]} 13. Qxb6 {[%emt 0:02:50]} axb6 {[%emt 0:00:02]} 14. Nd4 {[%emt 0:06:33]} Bd7 {[%emt 0:07:30]} 15. Be3 {[%emt 0:05:40]} e6 {[%emt 0:00:49]} 16. Nb3 {[%emt 0:04:31]} c5 {[%emt 0:01:36]} 17. Nd2 {[%emt 0:10:42]} f5 {[%emt 0:00:38]} 18. exf6 {[%emt 0:02:20]} Nxf6 {[%emt 0:00:21]} 19. Be2 {[%emt 0:00:55]} Bd6 {[%emt 0:01:02]} 20. O-O {[%emt 0:01:28]} O-O {[%emt 0:00:06]} 21. g3 {[%emt 0:05:26]} Rfe8 {[%emt 0:13:23]} 22. Bf3 {[%emt 0:02:45]} Ra4 {[%emt 0:00:33]} 23. a3 {[%emt 0:02:32]} e5 {[%emt 0:10:06]} 24. fxe5 {[%emt 0:03:42]} Bxe5 {[%emt 0:00:09]} 25. Rae1 {[%emt 0:05:32]} Bb5 {[%emt 0:00:33]} 26. Be2 {[%emt 0:04:07]} Bxe2 {[%emt 0:07:54]} 27. Rxe2 {[%emt 0:00:05]} d4 {[%emt 0:00:04]} 28. Bf4 {[%emt 0:02:03]} Bxf4 {[%emt 0:02:28]} 29. Rxe8+ {[%emt 0:00:11]} Nxe8 {[%emt 0:00:02]} 30. Rxf4 {[%emt 0:00:27]} dxc3 {[%emt 0:00:08]} 31. bxc3 {[%emt 0:00:23]} Rxa3 {[%emt 0:00:05]} 32. Nc4 {[%emt 0:02:13]} Rb3 {[%emt 0:00:47]} 33. Ne5 {[%emt 0:01:39]} Nf6 {[%emt 0:10:20]} 34. Ra4 {[%emt 0:01:03]} h6 {[%emt 0:00:07]} 35. Ra8+ {[%emt 0:01:50]} Kh7 {[%emt 0:00:06]} 36. c4 {[%emt 0:01:43]} Re3 {[%emt 0:00:26]} 37. Nf7 {[%emt 0:01:16]} Re2 {[%emt 0:02:17]} 38. Rb8 {[%emt 0:00:40]} Ng4 {[%emt 0:03:09]} 39. h4 {[%emt 0:01:40]} Kg6 {[%emt 0:05:51]} 40. Nd6 {[%emt 0:01:51]} Rb2 {[%emt 0:00:17]} 41. Rb7 {[%emt 0:34:50]} h5 {[%emt 0:32:58]} 42. Ne8 {[%emt 0:01:24]} Ne5 {[%emt 0:05:15]} 43. Rxg7+ {[%emt 0:00:58]} Kh6 {[%emt 0:00:20]} 44. Re7 {[%emt 0:00:00]} Nxc4 {[%emt 0:00:00]} 45. Re6+ {[%emt 0:00:00]} Kh7 {[%emt 0:00:00]} 46. Re7+ {[%emt 0:00:00]} Kg6 {[%emt 0:00:00]} 47. Rg7+ {[%emt 0:00:00]} Kh6 {[%emt 0:00:00]} 48. Rg5 {[%emt 0:00:00]} Nd2 {[%emt 0:00:00]} 49. Rg8 {[%emt 0:00:00]} Nf3+ {[%emt 0:00:00]} 50. Kf1 {[%emt 0:00:00]} c4 {[%emt 0:00:00]} 51. Nf6 {[%emt 0:00:00]} c3 {[%emt 0:00:00]} 52. g4 {[%emt 0:00:00]} Nh2+ {[%emt 0:00:00]} 53. Ke1 {[%emt 0:00:00]} Nxg4 {[%emt 0:00:00]} 0-1

[Event "SVK ECo-C Extraliga 2021-22"]
[Site "Slovakia"]
[Date "2022.03.13"]
[Round "6.6"]
[White "Zvarik, Martin"]
[Black "Gasa, Patrik"]
[Result "1-0"]
[WhiteElo "2227"]
[BlackElo "2178"]
[Annotator "TA"]
[PlyCount "67"]
[EventDate "2021.10.21"]
[EventType "team-tourn"]
[EventCountry "SVK"]
[SourceTitle "playchess.com"]
[Source "ChessBase"]
[SourceQuality "1"]

{[%evp 16,67,20,35,31,31,16,28,38,14,16,20,18,20,22,22,22,22,12,39,14,22,101,63,52,27,122,129,147,60,77,27,31,0,254,258,255,217,310,310,305,305,304,280,299,300,307,304,476,476,553,544,673,672]} 1. e4 c5 2. Nf3 {[%cal Bg1f3,Bf3d4,Bd4b5,Bb5a3,Ba3c2,Bc2e3][%mdl 32]} Nc6 3. d4 cxd4 4. Nxd4 e5 5. Nb5 d6 6. c4 Be7 7. N1c3 a6 8. Na3 Nf6 9. Be2 O-O {B32: Sicilian: Löwenthal and Kalashnikov Variations.} 10. Nc2 {Inhibits Nd4.} Be6 11. O-O Rc8 {White has an edge.} 12. Ne3 Nd4 {[%cal Ob7b5]} 13. Bd3 Nd7 {[#]} 14. Ne2 $146 ({Predecessor:} 14. Ned5 Bg5 15. Be3 Bxe3 16. fxe3 Nc6 17. Qh5 Nc5 18. Bc2 g6 19. Qh6 f5 20. exf5 Bxf5 21. Bxf5 gxf5 {1-0 (27) Jovanovic,B-Koziol,P LSS email 2008}) 14... b5 {[%cal Rb5c4]} 15. cxb5 axb5 16. Nxd4 exd4 17. Nd5 Bxd5 18. exd5 Rc5 (18... Rb8 $11 {keeps the balance.}) 19. b4 (19. Qh5 Nf6 20. Qf3 Qd7 $11) 19... Rxd5 20. Bf4 Bf6 (20... g6 $11) 21. Qf3 $16 Nb6 22. Rac1 (22. Be4 $16 d3 23. Rad1 (23. Bxd5 Bxa1 24. Bc6 Bc3 $16)) 22... Bg5 $1 $14 (22... g6 $2 23. Rc6 Bg5 24. Bg3 $18) 23. Rc6 {White is much more active. Black has bad knights.} (23. g3 $16 {aiming for Rc6.} Bxf4 24. Qxf4) 23... Bxf4 $11 24. Qxf4 (24. Rxb6 $5 Qxb6 25. Qxd5 $11) 24... Na4 $2 {[%mdl 8192] [#]} (24... Re8 $11 {and Black is okay.}) 25. Bxh7+ $1 $18 {[%mdl 512]} Kh8 26. Be4 $40 {[%mdl 128] White attacks with force.} Re5 {[#]} (26... Rh5 $142 27. Rxd6 Qe7) 27. Rc8 $3 {[%cal Of4h4][%mdl 512] Intending Qh4+! and mate.} Rxe4 28. Rxd8 Rxf4 29. Rxf8+ {KRR-KRN} Kh7 30. Rd1 Nc3 31. Rd2 Rf5 (31... g5 {was necessary.} 32. g3 Rf5) 32. Kf1 {White is clearly winning.} ({Less strong is} 32. g3 f6 33. Kg2 Rd5 $18) 32... Kg6 33. Rxd4 Nxa2 34. Rc8 {Weighted Error Value: White=0.12 (very precise) /Black=0.54} 1-0

[Event "SVK ECo-C Extraliga 2021-22"]
[Site "Slovakia"]
[Date "2022.03.13"]
[Round "6.6"]
[White "Kravec, Patrik"]
[Black "Jacko, Vladimir"]
[Result "0-1"]
[WhiteElo "2140"]
[BlackElo "2378"]
[Annotator "TA"]
[PlyCount "74"]
[EventDate "2021.10.21"]
[EventType "team-tourn"]
[EventCountry "SVK"]
[SourceTitle "playchess.com"]
[Source "ChessBase"]
[SourceQuality "1"]

{[%evp 12,74,-4,-14,-7,0,14,-12,0,-47,-44,-75,-54,-51,-60,-85,-85,-84,-85,-108,-90,-158,-137,-150,-139,-155,-142,-237,-146,-134,-139,-175,-177,-294,-264,-292,-263,-299,-298,-478,-461,-627,-624,-942,-765,-827,-812,-720,-681,-650,-570,-576,-577,-575,-569,-514,-518,-29991,-29991,-29991,-29992,-29995,-46,-29996,-29995]} 1. d4 Nf6 2. g3 d5 3. Bg2 c5 4. c3 Nc6 5. Nf3 e6 6. O-O Be7 7. b3 O-O {D02: 1 d4 d5 2 Nf3 sidelines, including 2...Nf6 3 g3 and 2...Nf6 3 Bf4.} 8. Bb2 a5 {[%cal Oa5a4] [#]} 9. dxc5 $146 ({Predecessor:} 9. a4 Qb6 10. Qc2 Bd7 11. Ba3 Rac8 12. dxc5 Bxc5 13. Bxc5 Qxc5 14. Nfd2 e5 15. Qb2 {0-1 (32) Bieberle,G (1917)-Lenhardt,M (2103) Cologne 2014}) 9... Bxc5 {The position is equal.} 10. c4 (10. e3 $11 {might be stronger.}) 10... d4 $15 11. Ba3 Qe7 (11... Bb4 {looks sharper.} 12. Bb2 e5 13. Na3 Re8 14. Nb5 Bf5) 12. Bxc5 Qxc5 13. Ne1 {[#]} e5 $1 14. Nd3 Qe7 15. Qc1 Bf5 {[%cal Bc8f5,Bf5e4,Be4c6][%mdl 32]} 16. Qa3 {[#]} (16. Bxc6 $142 bxc6 17. Qa3) 16... Nb4 $1 $17 17. Nxb4 axb4 ({But not} 17... Qxb4 $6 18. Qxb4 axb4 19. Bxb7 $11) 18. Qb2 Rfd8 {[%cal Bf8d8,Bd8d6,Bd6f6,Bf6f5][%mdl 32] Black is much more active.} 19. Rd1 (19. a3 $17) 19... Ne4 20. Bxe4 Bxe4 21. a4 Bc6 {Hoping for ...e4.} 22. Ra2 (22. Nd2 $142) 22... Rd6 23. Qc1 h5 24. Qd2 Rf6 {[%cal Oh5h4]} 25. Qg5 $2 (25. Qe1 {is a better defense.}) 25... Qe6 $19 {Strongly threatening ...Qh3.} 26. f3 e4 {[%cal Be5e4,Be4e3][%mdl 32]} 27. f4 Rf5 28. Qh4 e3 {( -> ...Qe4)} 29. Rxd4 Re8 {[%cal Og7g5] ...g5! is the strong threat.} 30. a5 g6 {aiming for ...Re7.} 31. a6 bxa6 32. Rxa6 Qc8 33. Rb6 Ra5 34. Rxb4 (34. Rd1 $19 Qe6 35. Re1) 34... Ra1 35. Rd1 Qf5 36. Nc3 Rxd1+ 37. Nxd1 Qb1 {Weighted Error Value: White=0.71/Black=0.08 (flawless)} 0-1

[Event "SVK ECo-C Extraliga 2021-22"]
[Site "Slovakia"]
[Date "2022.03.13"]
[Round "6.6"]
[White "Szucs, Vladimir"]
[Black "Petran, Peter"]
[Result "1/2-1/2"]
[WhiteElo "2117"]
[BlackElo "2240"]
[Annotator "TA"]
[PlyCount "39"]
[EventDate "2021.10.21"]
[EventType "team-tourn"]
[EventCountry "SVK"]
[SourceTitle "playchess.com"]
[Source "ChessBase"]
[SourceQuality "1"]

{[%evp 11,39,-4,0,0,0,0,31,16,39,36,66,69,144,100,105,118,116,118,123,109,127,113,143,80,111,107,124,122,158,121]} 1. Nf3 g6 2. d4 Bg7 3. Bf4 d6 4. e3 Nd7 5. h3 e5 6. Bh2 Qe7 {6...Nh6 might become the main line.} 7. Be2 {A41: 1 d4 d6: Tartakower System and Modern Defence.} Ngf6 8. c4 O-O 9. Nc3 {White is slightly better.} Re8 10. O-O {[#]} b6 $146 ({Predecessor:} 10... a6 11. a4 e4 12. Nd2 Nf8 13. Qb3 h5 14. a5 N8h7 15. Rfc1 Rb8 16. Nd5 Nxd5 17. cxd5 {1-0 (47) Korchmar,V (2450)-Topalov,A (2239) Chess.com INT 2022}) 11. Nb5 e4 {[#]} (11... Nb8 $14) 12. Nd2 (12. Nxc7 $142 $1 exf3 13. Bxf3) 12... Qd8 $16 13. Qc2 a6 14. Nc3 {White is more active.} Bb7 15. b4 Qe7 16. Rab1 Bc8 17. d5 ({Better is} 17. Rfc1) 17... Bb7 18. Nb3 Rac8 19. Rfd1 h6 20. Nd4 {Weighted Error Value: White=0.09 (flawless) /Black=0.21 (precise)} 1/2-1/2